Marcas pelos logos - Statistics

Estatísticas Gerais
  • Esse quiz foi jogado 1 112 vezes
  • A pontuação média é 14 de 20
Estatísticas das Respostas
Brand % Correto
Amazon
99%
Adidas
98%
Apple
98%
Monster
98%
Pepsi
96%
Wikipedia
94%
PlayStation
92%
Shell
90%
Pringles
88%
KFC
87%
Pizza Hut
76%
Taco Bell
64%
JetPunk
58%
Yamaha
44%
Target
40%
Atari
39%
Dolby
38%
British Petroleum
27%
Firestone
23%
Xerox
17%
Nenhum quiz correspondente encontrado
Distribuição das Pontuações
Porcentagem de Pessoas com Cada Pontuação
Percentil de Números Respondidos
Sua Pontuação Histórica
Você não jogou esse quiz